000 00493nam a2200157Ia 4500
008 150121s9999 xx 000 0 und d
245 _aCU Engineering Journal /
_h[electronic resource]
260 _bCapitol University,
_c2010.
516 _aElectronic text
650 _aCivil Engineering.
650 _aElectronics and Communications Engineering.
650 _aEngineering.
830 _aPhilippine E-Journals
856 _uhttp://www.ejournals.ph/index.php?journal=CUEJ
942 _cEJ
999 _c277003
_d277003